Craft certificate in electrical and electronic technology/ (Record no. 17941)
[ view plain ]
| 000 -LEADER | |
|---|---|
| fixed length control field | 00468nam a22001697a 4500 |
| 003 - CONTROL NUMBER IDENTIFIER | |
| control field | OSt |
| 005 - DATE AND TIME OF LATEST TRANSACTION | |
| control field | 20210618100335.0 |
| 008 - FIXED-LENGTH DATA ELEMENTS--GENERAL INFORMATION | |
| fixed length control field | 210618b ||||| |||| 00| 0 eng d |
| 040 ## - CATALOGING SOURCE | |
| Original cataloging agency | SEKU |
| 050 ## - LIBRARY OF CONGRESS CALL NUMBER | |
| Classification number | TK 146 |
| Item number | .K46 |
| 110 ## - MAIN ENTRY--CORPORATE NAME | |
| Relator code | KIE |
| 245 ## - TITLE STATEMENT | |
| Title | Craft certificate in electrical and electronic technology/ |
| Remainder of title | power option, syllabus and regulations |
| 260 ## - PUBLICATION, DISTRIBUTION, ETC. (IMPRINT) | |
| Place of publication, distribution, etc. | Nairobi: Kenya; |
| Name of publisher, distributor, etc. | KIE, |
| Date of publication, distribution, etc. | 2009. |
| 300 ## - PHYSICAL DESCRIPTION | |
| Extent | 265P.: |
| 650 ## - SUBJECT ADDED ENTRY--TOPICAL TERM | |
| Topical term or geographic name as entry element | Electrical engeering |
| 942 ## - ADDED ENTRY ELEMENTS (KOHA) | |
| Source of classification or shelving scheme | Library of Congress Classification |
| Koha item type | General circulation |
| Withdrawn status | Lost status | Source of classification or shelving scheme | Damaged status | Not for loan | Home library | Current library | Date acquired | Total Checkouts | Full call number | Barcode | Date last seen | Price effective from | Koha item type | Shelving location |
|---|---|---|---|---|---|---|---|---|---|---|---|---|---|---|
| Library of Congress Classification | Main Campus Library | Main Campus Library | 18/06/2021 | TK 146 .K46 | 2021/025152 | 18/06/2021 | 18/06/2021 | General circulation | ||||||
| Library of Congress Classification | Main Campus Library | Main Campus Library | 18/06/2021 | TK 146 .K46 | 2021/025145 | 18/06/2021 | 18/06/2021 | Shortloan | Shortloan | |||||
| Library of Congress Classification | Main Campus Library | Main Campus Library | 06/09/2023 | TK 146 .K46 | 2023/026102 | 06/09/2023 | 06/09/2023 | General circulation | General Stacks | |||||
| Library of Congress Classification | Main Campus Library | Main Campus Library | 06/09/2023 | TK 146 .K46 | 2023/026103 | 06/09/2023 | 06/09/2023 | Shortloan | Shortloan | |||||
| Library of Congress Classification | Wote Campus Library | Wote Campus Library | 23/05/2025 | TK 146 .K46 | 2024/028154 | 23/05/2025 | 23/05/2025 | General circulation |